Symbol Cryptogram: US Presidents Quiz Stats

 Plays Quiz Updated May 4, 2018

Support Sporcle.
Go Orange.
Score 0/10 Timer 10:00
0 Plays Today
Cryptogram US Presidents % Correct
◥ ☵ ◒ ◤ ◑ ◐ ◑ ◐???
100%
✚ ◑ ◐     ◥ ☵ ★ ☲ ◐???
79.2%
★ ☲ ◑ ◓ ◑ ◐???
75.4%
◤ ◑ ★ ★ ☽ ◀ ☷ ◐???
74%
◓ ★ ◑ ◐ ◁???
73.4%
◯ ◑ ◀ ◤ ☽ ◐ ◓ ◁ ☷ ◐???
72.9%
◒ ☷ ☷ ◼ ☽ ▷ ◓ ☲???
71.3%
◒ ◼ ☲ ✚ ☲ ◼ ◑ ◐ ▷???
70.8%
◢ ☷ ◤ ◐ ◀ ☷ ◐???
68.2%
◯ ☽ ◼ ◀ ☷ ◐???
64.8%

You're not logged in!

Compare scores with friends on all Sporcle quizzes.
OR
Log In

From the Vault

Largest US Cities by Last Letter

by jml1139

Sometimes it's the last letters that get neglected the most.
Remove Ads.
Support Sporcle.
Get the best of Sporcle when you Go Orange. This ad-free experience offers more features, more stats, and more fun while also helping to support Sporcle. Thank you for becoming a member.

Show Comments

Extras

Top Quizzes Today


Score Distribution

Your Account Isn't Verified!

In order to create a playlist on Sporcle, you need to verify the email address you used during registration. Go to your Sporcle Settings to finish the process.

Report this User

Report this user for behavior that violates our Community Guidelines.

Details: